Mixed Word: Cities of Brazil Quiz Stats

 Plays Quiz Updated Jan 4, 2019

     
Support Sporcle.
Go Orange.
Score 0/12 Timer 03:00
0 Plays Today
Mixed Word City % Correct
OSÃ POULASão Paulo
93.9%
IOR ED EOJINRARio de Janeiro
91.7%
SRBAÍALIBrasília
76.7%
PTORO GAELREPorto Alegre
76.2%
BLEÉMBelém
74.7%
LEOB NTOIERZOHBelo Horizonte
73.6%
CEFREIRecife
68.2%
NUAMASManaus
67.7%
ZTLAROFEAFortaleza
57.4%
VAARDLOSSalvador
56.6%
RIBTUICACuritiba
50.6%
PASMIACNCampinas
27%

From the Vault

Baby Names: 'B' Boy Names by Decade

by triplet_3

Believe it or not, this quiz has nothing to do with Break Dancing.
Remove Ads.
Support Sporcle.
Get the best of Sporcle when you Go Orange. This ad-free experience offers more features, more stats, and more fun while also helping to support Sporcle. Thank you for becoming a member.

Show Comments

Extras

Top Quizzes Today


Score Distribution

Your Account Isn't Verified!

In order to create a playlist on Sporcle, you need to verify the email address you used during registration. Go to your Sporcle Settings to finish the process.

Report this User

Report this user for behavior that violates our Community Guidelines.

Details: